[Event "Dortmund"]
[Site "Dortmund"]
[Date "1997.??.??"]
[Round "1"]
[White "Polgar, Judit"]
[Black "Gelfand, Boris"]
[Result "1/2-1/2"]
[WhiteElo "2670"]
[BlackElo "2695"]

1.e4 c5 2.Nf3 d6 3.d4 cxd4 4.Nxd4 Nf6 5.Nc3 a6 6.Be2 e5 7.Nb3 Be7 8.O-O O-O
9.Kh1 b6 10.Be3 Bb7 11.Nd5 Nxd5 12.exd5 Bg5 13.Qd2 Bxe3 14.fxe3 Qh4 15.Bd3 Nd7
16.e4 a5 17.Qe3 f5 18.exf5 Bxd5 19.Rad1 Rf6 20.Kg1 Rh6 21.Qg3 Bc6 22.Qxh4 Rxh4
23.g3 Rh6 24.Bc4+ Kf8 25.f6 Rxf6 26.Rxd6 Rc8 27.c3 Rxf1+ 28.Kxf1 Nf6 29.Nd2 b5
30.Be6 Ke7 31.Bxc8 Kxd6 32.Ke2 g6  1/2-1/2

[Event "Dortmund"]
[Site "Dortmund"]
[Date "1997.??.??"]
[Round "7"]
[White "Polgar, Judit"]
[Black "Jussupow, Artur"]
[Result "0-1"]
[WhiteElo "2670"]
[BlackElo "2640"]

1.e4 Nf6 2.e5 Nd5 3.d4 d6 4.Nf3 Bg4 5.Be2 e6 6.h3 Bh5 7.c4 Nb6 8.Nc3 Be7
9.d5 exd5 10.cxd5 dxe5 11.g4 Bg6 12.Nxe5 N8d7 13.Nxd7 Qxd7 14.Bb5 c6 15.dxc6 bxc6
16.Qxd7+ Kxd7 17.Ba6 Bd6 18.Be3 h5 19.Ke2 Rae8 20.a4 hxg4 21.a5 Nc8 22.hxg4 Rxh1
23.Rxh1 Bf4 24.Rd1+ Kc7 25.Rc1 Bxe3 26.Nd5+ Kd7 27.Nxe3 Nd6 28.Rd1 Kc7 29.Rd4 c5
30.Rd2 Kc6 31.Kf3 f6 32.Kg2 Re4 33.b3 Rd4 34.Rb2 Be4+ 35.Kf1 Bf3 36.Be2 Bxe2+
37.Kxe2 Kb5 38.Rc2 a6 39.Rc1 g5 40.f3 Rb4 41.Nd5 Rxb3 42.Nxf6 c4 43.Rd1 Kc6
44.Nd5 Nb5 45.Ne7+ Kc7 46.Nd5+ Kb7 47.Kf2 c3 48.f4 gxf4 49.Nxf4 c2 50.Rc1 Nd4
51.Ne2 Rf3+ 52.Kg2 Nxe2 53.Rxc2 Nd4 54.Rc4 Rd3 55.Rc5 Ne6 56.Re5 Nf4+ 57.Kf2 Kc6
58.Rf5 Ne6 59.g5 Rd5 60.Rxd5 Kxd5 61.g6 Ke4 62.Kg3 Nf4  0-1

[Event "Dos Hermanas"]
[Site "Dos Hermanas"]
[Date "1997.??.??"]
[Round "3"]
[White "Polgar, Judit"]
[Black "Gelfand, Boris"]
[Result "1/2-1/2"]
[WhiteElo "2645"]
[BlackElo "2700"]

1.e4 c5 2.Nf3 d6 3.d4 cxd4 4.Nxd4 Nf6 5.Nc3 a6 6.Bd3 g6 7.f4 Bg7 8.Nf3 O-O
9.O-O Nbd7 10.Qe1 Nc5 11.Be3 Nxd3 12.cxd3 b5 13.a3 Bd7 14.h3 a5 15.e5 Ne8
16.Qh4 f6 17.Ne4 Nc7 18.Rae1 Nd5 19.e6 Nxe3 20.Rxe3 Qb6 21.Re1 Bxe6 22.Neg5 fxg5
23.Nxg5 Rf6 24.Kh1 Bf7 25.Rxe7 h6 26.Nxf7 Rxf7 27.Rxf7 Kxf7 28.Re7+ Kg8 29.Rxg7+  1/2-1/2

[Event "Torneo Magistral 6th"]
[Site "Madrid"]
[Date "1997.??.??"]
[Round "7"]
[White "Polgar, Judit"]
[Black "Akopian, Vladimir"]
[Result "1/2-1/2"]
[WhiteElo "2645"]
[BlackElo "2655"]

1.e4 Nf6 2.e5 Nd5 3.d4 d6 4.Nf3 g6 5.Bc4 c6 6.O-O Bg7 7.Re1 O-O 8.Nc3 dxe5
9.Nxe5 Be6 10.Ne4 Nc7 11.Bb3 Bxb3 12.axb3 Ne6 13.c3 Nd7 14.Nxd7 Qxd7 15.b4 Rfd8
16.Qf3 Qc7 17.Ra5 b6 18.Ra6 Qb7 19.Ra1 Rd5 20.h4 a5 21.bxa5 Rdxa5 22.Rxa5 Rxa5
23.b4 Rf5 24.Qd3 Rd5 25.Qf3 Rf5 26.Qe2 h5 27.Qa2 c5 28.bxc5 bxc5 29.Ng5  1/2-1/2

[Event "Tilburg Fontys"]
[Site "Tilburg"]
[Date "1997.??.??"]
[Round "5"]
[White "Polgar, Judit"]
[Black "Piket, Jeroen"]
[Result "1/2-1/2"]
[WhiteElo "2670"]
[BlackElo "2630"]

1.e4 e5 2.Nf3 Nc6 3.Bb5 a6 4.Ba4 Nf6 5.O-O Be7 6.Re1 b5 7.Bb3 d6 8.c3 O-O
9.h3 Be6 10.d4 Bxb3 11.Qxb3 Qb8 12.Nbd2 Qb6 13.d5 Na5 14.Qc2 c6 15.dxc6 Qxc6
16.Nf1 Rfc8 17.Bg5 b4 18.Ne3 bxc3 19.b3 Qb7 20.Bxf6 Bxf6 21.Rad1 Nc6 22.Qxc3 Nb4
23.Qd2 a5 24.a3 Nc6 25.Qd5 Rab8 26.Nf5 Rd8 27.Re3 Ne7 28.Qxb7 Rxb7 29.Nxe7+ Bxe7
30.Rd5 Rdb8 31.Rxa5 Rxb3 32.Rxb3 Rxb3 33.Nd2 Rc3 34.Ra8+ Bf8 35.a4 Rc1+ 36.Kh2 g6
37.a5 Rc2 38.Nf1 d5 39.exd5 Kg7 40.f3 e4 41.fxe4 Bd6+ 42.Kg1 Bc5+ 43.Kh2 Bd6+
44.Kg1 Bc5+ 45.Kh2 Bd6+  1/2-1/2

[Event "Tilburg Fontys"]
[Site "Tilburg"]
[Date "1997.??.??"]
[Round "7"]
[White "Polgar, Judit"]
[Black "Van Wely, Loek"]
[Result "1/2-1/2"]
[WhiteElo "2670"]
[BlackElo "2655"]

1.e4 c5 2.Nf3 d6 3.d4 cxd4 4.Nxd4 Nf6 5.Nc3 a6 6.Be2 e5 7.Nb3 Be7 8.O-O O-O
9.a4 Be6 10.f4 Qc7 11.Kh1 Re8 12.f5 Bc4 13.Bg5 Nbd7 14.a5 Rac8 15.Ra4 Bxe2
16.Qxe2 Qc6 17.Nd2 d5 18.exd5 Nxd5 19.Rc4 Nxc3 20.Rxc3 Qxc3 21.bxc3 Bxg5
22.Ne4 Be7 23.Rb1 Nc5 24.h3 h6 25.Qg4 h5 26.Qf3 h4 27.Nxc5 Rxc5 28.Rxb7 Bf6
29.Qe4 Rxa5 30.Ra7 Bg5 31.Kg1 Bf4 32.Ra8 Ra1+ 33.Kf2 Bg3+ 34.Ke2 Re1+ 35.Kd3 Rxa8
36.Qxa8+ Kh7 37.Qe8 f6 38.c4 e4+ 39.Kd4 e3 40.c5 Rd1+ 41.Ke4 e2 42.Qh5+  1/2-1/2

[Event "Hoogovens Blitz"]
[Site "Wijk aan Zee"]
[Date "1998.01.19"]
[Round "2"]
[White "Polgar, Judit"]
[Black "Timman, Jan H"]
[Result "1-0"]
[WhiteElo "2670"]
[BlackElo "2635"]

1.e4 d6 2.d4 Nf6 3.Nc3 g6 4.Be3 c6 5.f3 b5 6.Qd2 Nbd7 7.d5 Bb7 8.dxc6 Bxc6
9.Nxb5 Bg7 10.Nd4 Bb7 11.Bb5 O-O 12.Nge2 a6 13.Bc6 Qc8 14.Bxb7 Qxb7 15.Nb3 d5
16.exd5 Nxd5 17.Bd4 e5 18.Bf2 N7b6 19.Na5 Qc7 20.O-O Rfd8 21.Rad1 Na4 22.Qe1 Nxb2
23.Rb1 Na4 24.c4 Nf4 25.Nxf4 exf4 26.Rb7 Qc8 27.Qe7 Rf8 28.c5 Nc3 29.c6 Nd5
30.Qc5 Ne3 31.Rc1 Qe6 32.c7 Qxa2 33.Nc6 Qd2 34.Rb8 Kh8 35.Rxa8 Rxa8 36.Nb8  1-0

[Event "Hoogovens Blitz"]
[Site "Wijk aan Zee"]
[Date "1998.01.19"]
[Round "3"]
[White "Piket, Jeroen"]
[Black "Polgar, Judit"]
[Result "1/2-1/2"]
[WhiteElo "2575"]
[BlackElo "2670"]

1.Nf3 Nf6 2.c4 g6 3.Nc3 Bg7 4.e4 d6 5.d4 O-O 6.Be2 e5 7.O-O Nc6 8.d5 Ne7
9.b4 a5 10.bxa5 Nh5 11.Re1 Nf4 12.Bf1 Rxa5 13.a4 b6 14.Nd2 Ra8 15.Nb3 h5
16.a5 h4 17.axb6 Rxa1 18.bxc7 Qxc7 19.Nxa1 Qa5 20.Bd2 g5 21.Nb5 Qb6 22.Be3 Qd8
23.Nb3 f5 24.c5 fxe4 25.cxd6 Nf5 26.Nc5 h3 27.g3 Nxe3 28.Rxe3 Bf5 29.gxf4 gxf4
30.Rxh3 Qg5+ 31.Kh1 e3 32.Ne6 Qg6 33.Nxf8 Kxf8 34.Qh5 Be4+ 35.f3 Qxh5 36.Rxh5 Bxf3+
37.Kg1 Bxh5 38.Nc3 e4 39.Nxe4 e2 40.Bxe2 Bxe2 41.Ng5 f3 42.Ne6+ Ke8 43.Nxg7+ Kd7
44.Nf5 Bd3 45.Ne3 Kxd6 46.Kf2 Be4 47.h4 Bxd5 48.Nxd5 Kxd5 49.Kxf3 Ke6  1/2-1/2

[Event "Hoogovens Blitz"]
[Site "Wijk aan Zee"]
[Date "1998.01.19"]
[Round "8"]
[White "Polgar, Judit"]
[Black "Karpov, Anatoly"]
[Result "0-1"]
[WhiteElo "2670"]
[BlackElo "2735"]

1.e4 c6 2.d4 d5 3.exd5 cxd5 4.c4 Nf6 5.Nc3 e6 6.Nf3 Be7 7.cxd5 Nxd5 8.Bd3 Nc6
9.O-O O-O 10.Re1 Nf6 11.a3 b6 12.Be3 Bb7 13.Rc1 Rc8 14.Bb1 Na5 15.Ne5 Nc4
16.Nxc4 Rxc4 17.Qd3 Rc8 18.Bg5 g6 19.Ba2 Rc7 20.Rcd1 Nd5 21.Bh6 Re8 22.Nb5 Rd7
23.Nxa7 Bg5 24.Bxg5 Qxg5 25.Qg3 Qf6 26.Nb5 Nf4 27.Nc3 Rxd4 28.f3 Red8 29.Rxd4 Qxd4+
30.Kh1 Qd2 31.h4 Nh5 32.Qe5 Qxb2 33.Qc7 Rc8 34.Qxb7 Qxc3 35.Rd1 Qc5 36.Qd7 Rf8
37.Qd4 Qxa3 38.Bb1 Qe7 39.Kh2 b5 40.Be4 b4 41.Bc2 Rc8 42.Ba4 Qc7+ 43.Kg1 Rb8
44.Bb3 Qc3 45.Rd3 Qxd4+ 46.Rxd4 Ng3 47.Kf2 Nf5 48.Rc4 Kf8 49.g3 h5 50.Bc2 b3
51.Bb1 Ne7 52.Rc7 Nd5 53.Rc6 b2 54.g4 hxg4 55.fxg4 Rb3 56.Rc8+ Kg7 57.h5 Nc3
58.Bc2 b1=Q 59.Bxb1 Nxb1 60.hxg6 Kxg6 61.Rg8+ Kh7 62.Rg5 Kh6 63.Rh5+ Kg6
64.Re5  0-1

[Event "Hoogovens Blitz"]
[Site "Wijk aan Zee"]
[Date "1998.01.19"]
[Round "10"]
[White "Van Wely, Loek"]
[Black "Polgar, Judit"]
[Result "1-0"]
[WhiteElo "2605"]
[BlackElo "2670"]

1.d4 Nf6 2.c4 g6 3.Nc3 d6 4.e4 Bg7 5.Nf3 O-O 6.Be2 e5 7.O-O Nc6 8.d5 Ne7
9.b4 a5 10.Ba3 b6 11.bxa5 Nh5 12.Nd2 Nf4 13.Nb3 bxa5 14.c5 a4 15.Nd2 Kh8
16.Nc4 dxc5 17.Bxc5 Ba6 18.Re1 Nxe2+ 19.Qxe2 Re8 20.Nxa4 Nc8 21.Nab2 Nd6
22.Qc2 f5 23.Bxd6 cxd6 24.exf5 gxf5 25.Qxf5 Rf8 26.Qc2 e4 27.Rxe4 Qg5 28.Rae1 Qxd5
29.Nb6 Qf7 30.Nxa8 Rb8 31.Nc7 Rc8 32.Na8 Rxa8 33.Re7 Qg8 34.Qc6 Rf8 35.Qxa6 Bxb2
36.Qxd6 Bc3 37.R1e2 Bf6 38.Rd7 Bg7 39.g3 Qc4 40.Rd8 Kg8 41.Rxf8+ Bxf8 42.Qe6+ Qxe6
43.Rxe6 Kf7 44.Rc6 Ke7 45.a4 Kd7 46.Rf6 Be7 47.Rf7 Ke6 48.Rxh7 Bb4 49.h4 Kf6
50.Rh5 Bc3 51.Rb5 Ke6 52.h5 Kf6 53.a5 Bd4 54.a6 Kg7 55.g4  1-0

[Event "Hoogovens"]
[Site "Wijk aan Zee"]
[Date "1998.01.20"]
[Round "4"]
[White "Polgar, Judit"]
[Black "Van Wely, Loek"]
[Result "1/2-1/2"]
[WhiteElo "2670"]
[BlackElo "2605"]

1.e4 c5 2.c3 Nf6 3.e5 Nd5 4.Nf3 e6 5.Bc4 Nb6 6.Bb3 d6 7.O-O dxe5 8.Nxe5 N8d7
9.Nf3 Nf6 10.d4 Be7 11.Qe2 O-O 12.dxc5 Bxc5 13.Nbd2 Nbd5 14.Ne4 Be7 15.Rd1 Qc7
16.Nxf6+ Nxf6 17.Ne5 a5 18.Bf4 Qc5 19.a4 b6 20.Qf3 Ba6 21.Nd7 Nxd7 22.Rxd7 Rae8
23.Be3 Qc8 24.Rad1 Bc4 25.Bxc4 Qxc4 26.Bxb6 Qxa4 27.Qe2 Bf6 28.g3 Rb8 29.Bc5 Rfd8
30.Rxd8+ Rxd8 31.Rxd8+ Bxd8 32.Qf3 h6 33.Bd4 Qd7 34.Qg4 f5 35.Qe2 Qd5 36.Qh5 Qd7
37.h4 Bc7 38.f4 Kh7 39.Qe2 Qd5 40.Qh5 Qe4 41.Qf7 Qe1+ 42.Kh2  1/2-1/2

[Event "Hoogovens"]
[Site "Wijk aan Zee"]
[Date "1998.01.24"]
[Round "7"]
[White "Topalov, Veselin"]
[Black "Polgar, Judit"]
[Result "1/2-1/2"]
[WhiteElo "2740"]
[BlackElo "2670"]

1.d4 Nf6 2.c4 e6 3.Nf3 d5 4.Nc3 dxc4 5.e4 Bb4 6.Bg5 c5 7.Bxc4 cxd4 8.Nxd4 Qa5
9.Bd2 Qc5 10.Bb5+ Bd7 11.Nb3 Qe7 12.Bd3 Nc6 13.a3 Bd6 14.O-O Rd8 15.f4 Bc8
16.e5 Bc5+ 17.Kh1 Rxd3 18.exf6 gxf6 19.Qe2 Qd8 20.Rad1 Be7 21.Be3 Rd7 22.f5 Rxd1
23.Rxd1 Qc7 24.fxe6 Bxe6 25.Nd4 Nxd4 26.Bxd4 Rg8 27.Qf2 Rg5 28.Ne4 Rf5 29.Qe3 Qc4
30.Kg1 Rd5 31.b3 Qc7 32.Rf1 f5 33.Nf6+ Bxf6 34.Bxf6 Qc5 35.Qxc5 Rxc5 36.Rd1 Rd5
37.Rxd5 Bxd5 38.b4  1/2-1/2

[Event "Hoogovens"]
[Site "Wijk aan Zee"]
[Date "1998.01.27"]
[Round "10"]
[White "Karpov, Anatoly"]
[Black "Polgar, Judit"]
[Result "1-0"]
[WhiteElo "2735"]
[BlackElo "2670"]

1.d4 Nf6 2.Nf3 g6 3.c4 Bg7 4.g3 O-O 5.Bg2 d5 6.O-O dxc4 7.Na3 Na6 8.Nxc4 c5
9.b3 Bf5 10.Bb2 Be4 11.Rc1 Rc8 12.Qd2 Qd5 13.Rfd1 Qh5 14.h3 cxd4 15.Bxd4 Rfd8
16.Nce5 Rxc1 17.Qxc1 Bxf3 18.Bxf3 Qxh3 19.Bxa7 Ra8 20.Bd4 Rc8 21.Qa3 Re8
22.Bxb7 Nc7 23.Bc6 Rf8 24.Qxe7 Ne6 25.Bc3 Qf5 26.Rd3 h5 27.Rf3 Qc2 28.Nxf7 Qd1+
29.Kg2 Qxe2 30.Re3 Qc2 31.Qxe6 Rxf7 32.Bxf6  1-0

[Event "Hoogovens"]
[Site "Wijk aan Zee"]
[Date "1998.02.01"]
[Round "13"]
[White "Polgar, Judit"]
[Black "Adams, Michael"]
[Result "1/2-1/2"]
[WhiteElo "2670"]
[BlackElo "2670"]

1.e4 e5 2.Nf3 Nc6 3.Bb5 a6 4.Ba4 Nf6 5.O-O Be7 6.Re1 b5 7.Bb3 O-O 8.h3 Bb7
9.d3 d6 10.a3 Qd7 11.Nc3 Rae8 12.a4 b4 13.Nd5 Nxd5 14.Bxd5 Na5 15.Bxb7 Nxb7
16.d4 Bf6 17.dxe5 Bxe5 18.Nxe5 Rxe5 19.b3 Nc5 20.Bb2 Rxe4 21.Rxe4 Nxe4 22.Qd4 Nf6
23.Qxb4 Re8 24.Qc4 Qc8 25.Rd1 Ne4 26.Qc6 Nc5 27.Bc3 Kf8 28.b4 Ne6 29.Re1 Qa8
30.Qc4 d5 31.Qd3 Kg8 32.Qg3 d4 33.Bd2 Qc6 34.Bh6 Kf8 35.Rxe6 Rxe6 36.Bxg7+ Ke8
37.Bxd4 Qd6 38.Qc3  1/2-1/2

[Event "Budapest m 30'"]
[Site "Budapest"]
[Date "1998.06.09"]
[Round "1"]
[White "Karpov, Anatoly"]
[Black "Polgar, Judit"]
[Result "1/2-1/2"]
[WhiteElo "2735"]
[BlackElo "2670"]

1.d4 Nf6 2.c4 e6 3.Nf3 c5 4.d5 d6 5.Nc3 exd5 6.cxd5 g6 7.e4 Bg7 8.h3 O-O
9.Bd3 b5 10.Bxb5 Nxe4 11.Nxe4 Qa5+ 12.Nfd2 Qxb5 13.Nxd6 Qa6 14.N2c4 Nd7 15.O-O Nb6
16.Nxb6 Qxb6 17.Nxc8 Raxc8 18.Rb1 Rfd8 19.Bg5 Rd7 20.Qg4 Qb7 21.Rfd1 h5 22.Qc4 Bd4
23.Be3 Qxd5 24.Qxd5 Rxd5 25.Rd2 a5 26.Kf1 Rb8 27.Rbd1 Rb4 28.a3 Rb3 29.Bxd4 cxd4
30.Rxd4 Rxd4 31.Rxd4 Rxb2 32.Rd5 Rb1+ 33.Ke2 Rb2+  1/2-1/2

[Event "Budapest m 30'"]
[Site "Budapest"]
[Date "1998.06.10"]
[Round "4"]
[White "Polgar, Judit"]
[Black "Karpov, Anatoly"]
[Result "1/2-1/2"]
[WhiteElo "2670"]
[BlackElo "2735"]

1.e4 c6 2.d4 d5 3.Nd2 dxe4 4.Nxe4 Nd7 5.Ng5 Ngf6 6.Bd3 e6 7.N1f3 Bd6 8.Qe2 h6
9.Ne4 Nxe4 10.Qxe4 Qc7 11.Qg4 Kf8 12.Be3 b6 13.Nd2 Nf6 14.Qe2 Nd5 15.Nc4 Ba6
16.Nxd6 Bxd3 17.Qxd3 Qxd6 18.O-O Rd8 19.Rad1 b5 20.a4 a6 21.c4 bxc4 22.Qxc4 Ra8
23.b4 Qxb4 24.Qxc6 Ke7 25.Bd2 Qd6 26.Qb7+ Kf6 27.Qb3 Rhc8 28.Rc1 Kg6 29.Qd3+ f5
30.Rfe1 Rxc1 31.Rxc1 Rb8 32.h3 Kf7 33.Rc5 Rb7 34.g3 Rb2 35.a5 Rb7 36.Qf3 Rc7
37.Qd3 Rxc5 38.dxc5 Qc6 39.Qc4 Ke7 40.Bc3 Kf7 41.Be5 g5 42.Bd6 Nf6 43.Qe2 h5
44.Be5 g4 45.Bxf6 gxh3 46.Qxh5+ Kxf6 47.Qh6+ Ke5 48.Qxh3 Qxc5 49.Qh8+ Kd5
50.Qa8+ Qc6 51.Qxc6+ Kxc6 52.f3 Kd5 53.Kf2 e5 54.Ke3 Ke6 55.Kd3 Kd5 56.Ke3 e4
57.fxe4+ fxe4  1/2-1/2

[Event "Budapest m 30'"]
[Site "Budapest"]
[Date "1998.06.11"]
[Round "5"]
[White "Karpov, Anatoly"]
[Black "Polgar, Judit"]
[Result "1/2-1/2"]
[WhiteElo "2735"]
[BlackElo "2670"]

1.d4 Nf6 2.c4 g6 3.Nf3 Bg7 4.g3 O-O 5.Bg2 d6 6.O-O Nc6 7.d5 Na5 8.Nfd2 c5
9.a3 Nd7 10.Ra2 Ne5 11.Qc2 Bf5 12.e4 Bd7 13.b3 b5 14.Bb2 bxc4 15.bxc4 Rb8
16.Bc3 Qb6 17.a4 e6 18.h3 exd5 19.cxd5 Rfc8 20.Kh2 Nb3 21.a5 Qb7 22.f4 Nd4
23.Qd1 Bb5 24.fxe5 Bxf1 25.Qxf1 Bxe5 26.Na3 Qe7 27.Nac4 Bg7 28.a6 h5 29.h4 Rf8
30.Qd3 f5 31.Bxd4 Bxd4 32.exf5 gxf5 33.Nf3 Qf6 34.Nxd4 cxd4 35.Rf2 Rbe8 36.Bh3 Qg7
37.Bxf5 Kh8 38.Rf4 Rf6 39.Qxd4 Re2+ 40.Kh3 Re1 41.Kg2 Re2+ 42.Kf3 Re1 43.Ne3 Rg1
44.g4 hxg4+ 45.Bxg4 Rxf4+ 46.Qxf4 Re1 47.h5 Rh1 48.Qf5 Rc1 49.Qe6 Qf8+ 50.Bf5 Rc7
51.h6 Re7 52.Qg6 Rf7 53.Kf4 Re7 54.Ng4 Rf7 55.Nf6 Rc7 56.Be6 Rc4+ 57.Kg5 Rc7
58.Kh5 Re7 59.Qg8+ Qxg8 60.Nxg8 Rc7 61.Nf6 Rc1 62.Ne8 Rh1+ 63.Kg6 Rg1+ 64.Kf7 Rf1+
65.Ke7 Kh7 66.Nxd6 Kxh6 67.Nf7+ Kg6 68.d6 Rd1 69.d7 Kh5 70.Nd6 Rxd6 71.Kxd6 Kg5
72.d8=Q+ Kf4 73.Qh4+ Ke3 74.Qg3+ Kd4 75.Qf3  1/2-1/2

[Event "Budapest m 30'"]
[Site "Budapest"]
[Date "1998.06.11"]
[Round "6"]
[White "Polgar, Judit"]
[Black "Karpov, Anatoly"]
[Result "1/2-1/2"]
[WhiteElo "2670"]
[BlackElo "2735"]

1.e4 c6 2.d4 d5 3.Nd2 dxe4 4.Nxe4 Nd7 5.Ng5 Ngf6 6.Bd3 e6 7.N1f3 Bd6 8.Qe2 h6
9.Ne4 Nxe4 10.Qxe4 Qc7 11.Qg4 Kf8 12.Be3 Nf6 13.Qh4 b6 14.O-O-O Bb7 15.Rhe1 c5
16.dxc5 bxc5 17.Nd2 Nd5 18.Nc4 Nxe3 19.Nxe3 Rb8 20.Qc4 h5 21.h3 Be5 22.c3 Bf6
23.Be4 Bc8 24.Qa4 g6 25.Qc6 Qxc6 26.Bxc6 Kg7 27.Nc4 Ba6 28.Ne5 Rhd8 29.b3 Rxd1+
30.Kxd1 Rb6 31.Bf3 Rd6+ 32.Kc2 Bh4 33.g3 Bg5 34.Rd1 Rxd1 35.Kxd1 Bf6 36.Nc6 Bxc3
37.Nxa7 e5 38.Be2 Bb7 39.Nb5 Ba5 40.Nd6 Bg2 41.h4 f5 42.Nc4 Bc7 43.a4 Bd5
44.Ke1 f4 45.a5 Bxc4 46.Bxc4 Bxa5+ 47.Ke2 Kf6 48.Bd3 Bc7 49.Kf3  1/2-1/2

[Event "Budapest m 30'"]
[Site "Budapest"]
[Date "1998.06.12"]
[Round "7"]
[White "Karpov, Anatoly"]
[Black "Polgar, Judit"]
[Result "1/2-1/2"]
[WhiteElo "2735"]
[BlackElo "2670"]

1.d4 Nf6 2.c4 g6 3.Nf3 Bg7 4.g3 c5 5.Bg2 Qa5+ 6.Nc3 Ne4 7.Bd2 Nxd2 8.Qxd2 d6
9.O-O Nc6 10.e3 Bg4 11.d5 Bxf3 12.Bxf3 Ne5 13.Be2 Qb4 14.Ne4 Qxd2 15.Nxd2 Kd8
16.Ne4 Kc7 17.Rab1 Nd7 18.Rfc1 h6 19.Rc2 Nf6 20.Nc3 Nd7 21.Ne4 Nf6 22.Nd2 Nd7
23.Kg2 a6 24.b3 Rhb8 25.h4 b5 26.h5 g5 27.f4 gxf4 28.gxf4 bxc4 29.Bxc4 a5
30.Kf3 a4 31.Ne4 axb3 32.axb3 Nb6 33.Rg1 Bh8 34.Ng3 Bf6 35.Nf5 Nxc4 36.bxc4 Rh8
37.Rgg2 Ra1 38.Ra2 e6 39.Ng3 Rxa2 40.Rxa2 Kb6 41.Ne4 Be7 42.Rb2+ Kc7 43.Rg2 Kd7
44.Rg7 Ke8 45.dxe6 fxe6 46.Rg6 Kf7 47.Ng3 Bf6 48.f5 exf5 49.Nxf5 Bg5 50.Nxd6+ Ke7
51.Ke4 Rf8 52.Kd5 Rf1 53.e4 Rd1+ 54.Kc6 Rh1 55.Nf5+ Kf8 56.Nxh6 Rxh5 57.Nf5 Kf7
58.Rd6 Bf4 59.Rd7+ Kf6 60.Kxc5 Rh8 61.Kd5 Rh1 62.c5 Rd1+ 63.Kc6 Re1 64.Nd6 Ke6
65.Rd8 Rc1 66.Re8+ Kf6 67.Rf8+ Kg5 68.Rf5+ Kg4 69.e5 Bg3 70.e6 Bxd6 71.Rd5 Be7  1/2-1/2

[Event "Budapest m 30'"]
[Site "Budapest"]
[Date "1998.06.12"]
[Round "8"]
[White "Polgar, Judit"]
[Black "Karpov, Anatoly"]
[Result "1/2-1/2"]
[WhiteElo "2670"]
[BlackElo "2735"]

1.e4 c6 2.d4 d5 3.exd5 cxd5 4.c4 Nf6 5.Nc3 e6 6.Nf3 Be7 7.cxd5 Nxd5 8.Bd3 Nc6
9.O-O O-O 10.Re1 Nf6 11.a3 b6 12.Bg5 Bb7 13.Bc2 h6 14.Bh4 Nh5 15.d5 Bxh4
16.dxc6 Bxc6 17.Ne5 Bxf2+ 18.Kxf2 Qh4+ 19.Kg1 Rad8 20.Nxc6 Rxd1 21.Raxd1 Nf6
22.Ne5 Ng4 23.Nxg4 Qxg4 24.Rd7 Qg5 25.h3 Qc5+ 26.Kh1 b5 27.Rb7 a6 28.Rf1 Qc4
29.Rd1 Qc5 30.Rd2 Qe3 31.Rbd7 a5 32.R7d3 Qe1+ 33.Kh2 Qe5+ 34.g3 b4 35.axb4 axb4
36.Nd1 g5 37.Re3 Qc7 38.Nf2 Rd8 39.Rde2 Rd4 40.Ng4 Kg7 41.Ne5 h5 42.Nf3 Rd5
43.Bb3 Rc5 44.h4 gxh4 45.Nxh4 Rc1 46.Re5 Qc6 47.Ng2 Qf3 48.R5e3 Qf1 49.Ne1 Kh6
50.Ba4 Kg7 51.Re4 Kh6 52.Bd7 Kg7 53.Re5 Kh6 54.Bb5 Qf6 55.Bd3 h4 56.R5e4 hxg3+
57.Kxg3 Kg7 58.Rf2 Qd8 59.Rf3 Qd6+ 60.Kg2 f5 61.Re2 Kf6 62.b3 Qd4 63.Bc4 Qg4+
64.Kf2 Qh4+ 65.Kf1 Qh1+ 66.Kf2 Qh4+ 67.Kf1 Qh1+ 68.Kf2 Qh4+  1/2-1/2

[Event "Cardoza US op"]
[Site "Kona"]
[Date "1998.08.02"]
[Round "2"]
[White "Polgar, Judit"]
[Black "Schneider, Chad A"]
[Result "1-0"]
[WhiteElo "2665"]
[BlackElo "2165"]

1.e4 c5 2.Nc3 Nc6 3.f4 e6 4.Nf3 Nge7 5.d4 cxd4 6.Nxd4 a6 7.Be3 b5 8.Bd3 Bb7
9.O-O Ng6 10.Nce2 Be7 11.a4 bxa4 12.Rxa4 O-O 13.Nb3 Qc7 14.Qd2 a5 15.Rfa1 Rfd8
16.Kh1  1-0

[Event "Cardoza US op"]
[Site "Kona"]
[Date "1998.08.04"]
[Round "4"]
[White "Watson, John L"]
[Black "Polgar, Judit"]
[Result "1/2-1/2"]
[WhiteElo "2365"]
[BlackElo "2665"]

1.d4 Nf6 2.c4 e6 3.Nf3 c5 4.Nc3 cxd4 5.Nxd4 Nc6 6.g3 Qb6 7.Nb3 Ng4 8.e3 f5
9.Qe2 a5 10.Bg2 a4 11.Nd4 Bc5 12.Ndb5 O-O 13.O-O Nce5 14.Rb1 h5 15.b4 axb3
16.axb3 Qd8 17.b4 Be7 18.c5 h4 19.e4 fxe4 20.Nxe4 hxg3 21.hxg3 Nf6 22.Nxf6+ Bxf6
23.Bf4 Nf7 24.Be4 Ng5 25.Bg6 Nh3+ 26.Kg2 Nxf4+ 27.gxf4 Bg5 28.f5 Bh6 29.Rb3 b6
30.Nd6 bxc5 31.Rh1 cxb4 32.Rxh6 Qg5+ 33.Rg3 Qxh6 34.Rh3 Qg5+ 35.Rg3 Qh6 36.Rh3 Qg5+
37.Rg3  1/2-1/2

[Event "Cardoza US op"]
[Site "Kona"]
[Date "1998.08.08"]
[Round "8"]
[White "Kacheishvili, Giorgi"]
[Black "Polgar, Judit"]
[Result "0-1"]
[WhiteElo "2510"]
[BlackElo "2665"]

1.d4 Nf6 2.c4 g6 3.Nc3 Bg7 4.e4 d6 5.Be2 O-O 6.Nf3 e5 7.O-O Na6 8.Re1 exd4
9.Nxd4 Re8 10.Bf1 Ng4 11.f3 Ne5 12.Be3 Nc5 13.Qd2 Ne6 14.Nc2 Qh4 15.Rad1 f5
16.exf5 gxf5 17.b3 Kh8 18.Nd5 Rg8 19.Kh1 Bd7 20.f4 Ng4 21.Bg1 Rae8 22.g3 Qh5
23.Bg2 Nc5 24.Nxc7 Ne4 25.Bxe4 Rxe4 26.Rxe4 fxe4 27.Nd5 Ne5 28.Bd4 Nf3 29.Qe2 Bc6
30.Bxg7+ Rxg7 31.Nf6 Qf7 32.Rxd6 Qe7 33.Qd1 Rg6 34.Qa1 Qxd6 35.Ne8+ Kg8 36.Nxd6 Rxd6
37.Ne3 Rd2 38.Nf1 Rf2 39.Qd1 Kf7 40.Qb1  0-1

[Event "Cap d'Agde-A"]
[Site "Cap d'Agde"]
[Date "1998.10.26"]
[Round "3"]
[White "Rogers, Ian"]
[Black "Polgar, Judit"]
[Result "1-0"]
[WhiteElo "2605"]
[BlackElo "2665"]

1.e4 c5 2.Nf3 d6 3.d4 cxd4 4.Nxd4 Nf6 5.Nc3 a6 6.Bg5 e6 7.f4 Qc7 8.Qf3 Nc6
9.O-O-O Bd7 10.Kb1 Be7 11.Nxc6 Bxc6 12.Bd3 h6 13.Bh4 g5 14.fxg5 Nd7 15.Qh5 Qa5
16.Rhf1 Nf6 17.Qe2 hxg5 18.Be1 Qc7 19.h3 Nd7 20.Qf2 Ne5 21.Ne2 O-O-O 22.Bc3 Rhf8
23.Nd4 Bd7 24.Nb3 Rde8 25.Ba5 Qb8 26.Be2 Bd8 27.Bb4 Bc7 28.Rd2 f5 29.Rfd1 fxe4
30.Qe3 Bc6 31.Rxd6 Rf4 32.R6d2 Nf3 33.Rd6 Ne5 34.Qc3 Nd3 35.Rxc6 bxc6 36.Ba3 Rf2
37.Bh5 Rh8 38.Qxh8+  1-0

[Event "Cap d'Agde-A"]
[Site "Cap d'Agde"]
[Date "1998.10.27"]
[Round "7"]
[White "Karpov, Anatoly"]
[Black "Polgar, Judit"]
[Result "1-0"]
[WhiteElo "2725"]
[BlackElo "2665"]

1.d4 Nf6 2.Nf3 g6 3.g3 Bg7 4.Bg2 O-O 5.O-O d6 6.Nbd2 Nbd7 7.e4 e5 8.dxe5 dxe5
9.b3 Qe7 10.Qe2 b6 11.a4 Rd8 12.Ba3 Qe8 13.a5 Bb7 14.Rfd1 Nf8 15.Bb2 N6d7
16.b4 Rab8 17.axb6 axb6 18.Ra7 Qe7 19.Qc4 Ne6 20.Re1 b5 21.Qb3 Nb6 22.c4 Bh6
23.Bc3 Bxd2 24.Nxd2 Nd4 25.Qa2 Nc6 26.Rxb7 Rxb7 27.cxb5 Nd4 28.Bf1 Ra8 29.Qb1 Rba7
30.Re3 Na4 31.Ba1 Nb6 32.Bc3 Qe6 33.Nf3 Rd8 34.Kg2 Qf6 35.h4 h5 36.Ng5 Qe7
37.Nf3 Raa8 38.Bxd4 exd4 39.Re1 Ra4 40.e5 Rxb4 41.Qc2 Qe6 42.Bd3 Nd5 43.Ng5 Qg4
44.Re4 Qc8 45.e6 f5 46.Re5 Qb7 47.Kh2 Ne7 48.Qc5 Rb2 49.Be4 c6 50.bxc6 Qc7
51.Bg2 Rxf2 52.Nh3 Rc2 53.Qxc2 Qxe5 54.Nf4 g5 55.Nd3 Qd6 56.Qc1 f4 57.gxf4 g4
58.Qe1 Nxc6 59.Bxc6 Qxc6 60.Qe5 Qc2+ 61.Kg1 Qd1+ 62.Ne1 Rd5 63.Qxd5 Qxe1+
64.Kg2 Qe2+ 65.Kg1 Qe3+ 66.Kg2 Qh3+ 67.Kf2 Qxh4+ 68.Ke2 Qh2+ 69.Kd3 Qg3+
70.Kc4 Qc3+ 71.Kb5 Qf3 72.Qg5+ Kh7 73.Qxh5+ Kg7 74.Qg5+ Kh7 75.Qf5+ Kg7 76.Qf7+ Kh6
77.Qf6+ Kh7 78.e7 Qb7+ 79.Kc4 Qc8+ 80.Kxd4 Qd7+ 81.Ke4 Qb7+ 82.Kf5 Qd5+ 83.Qe5 Qd7+
84.Kg5 Qe8 85.Qf5+ Kg7 86.Qf6+ Kh7 87.Qh6+  1-0

[Event "Hoogovens"]
[Site "Wijk aan Zee"]
[Date "1998.??.??"]
[Round "1"]
[White "Gelfand, Boris"]
[Black "Polgar, Judit"]
[Result "1-0"]
[WhiteElo "2675"]
[BlackElo "2670"]

1.d4 Nf6 2.c4 e6 3.Nc3 Bb4 4.e3 O-O 5.Bd3 d5 6.Nf3 c5 7.O-O cxd4 8.exd4 dxc4
9.Bxc4 b6 10.Bg5 Bb7 11.Ne5 Bxc3 12.bxc3 Nbd7 13.Qe2 Qc7 14.Nxd7 Nxd7 15.Rac1 Qc6
16.f3 Qd6 17.Rfd1 Rfe8 18.Bb3 Rac8 19.Bh4 Qa3 20.c4 a5 21.Qd2 e5 22.d5 e4
23.Rc3 Qb4 24.Re3 Qxd2 25.Rxd2 Nc5 26.fxe4 Rxe4 27.Rxe4 Nxe4 28.Re2 Nc5 29.Bc2 Ba6
30.Bf5 Rf8 31.d6 Bxc4 32.Rd2 f6 33.d7 Rd8 34.Bg3 Be6 35.Bc7 Bxf5 36.Bxd8 Nxd7
37.Rd6 Kf7 38.Bxb6 Ke7 39.Bc7 Be6 40.a3 a4 41.Rd2 h5 42.Kf2 Bb3 43.Rd4 Ke8
44.Rh4 g6 45.Re4+ Kf7 46.Bd6 Nb6 47.Re7+ Kg8 48.Bc5 Nd5 49.Ra7 Nf4 50.Bd4 Nd5
51.Kf3 Kf8 52.Ke4 Ke8 53.Ra5 Ne7 54.Bxf6 Nc6 55.Rc5 Kd7 56.Be5 Ne7 57.Bf6 Nf5
58.Kf4 Nd6 59.Bc3 Nf7 60.Ra5 g5+ 61.Kf5 Nd6+ 62.Kg6 h4 63.Bb4 Ne4 64.Kf5 Bc2
65.Rd5+ Kc6 66.Ke5 Bb3 67.Rd4 Nf2 68.Rd2 Nd1 69.Kf5 Ne3+ 70.Kxg5  1-0

[Event "Frankfurt-West Masters"]
[Site "Frankfurt"]
[Date "1999.06.29"]
[Round "3"]
[White "Polgar, Judit"]
[Black "Leko, Peter"]
[Result "1/2-1/2"]
[WhiteElo "2677"]
[BlackElo "2694"]

1.e4 c5 2.Nf3 e6 3.d4 cxd4 4.Nxd4 Nf6 5.Nc3 Nc6 6.Ndb5 d6 7.Bf4 e5 8.Bg5 a6
9.Na3 b5 10.Nd5 Be7 11.Bxf6 Bxf6 12.c3 O-O 13.Nc2 Bg5 14.a4 bxa4 15.Rxa4 a5
16.Bb5 Ne7 17.O-O Nxd5 18.Qxd5 Be6 19.Qd3 Qb6 20.c4 f5 21.Ne3 fxe4 22.Qxe4 Rac8
23.Nd5 Bxd5 24.Qxd5+ Kh8 25.Ra3 Rf6 26.Rf3 Rxf3 27.Qxf3 Bd2 28.h4 Qd8 29.g3 Qe7
30.c5 dxc5 31.Rd1 e4 32.Qe2 e3 33.Kh2 Rf8 34.fxe3 Bxe3 35.Re1 Qb7 36.Ba6 Qa8
37.Qxe3 Qxa6  1/2-1/2